Lyrics Verse to Song - Madonna - Statistics

General Stats
  • This quiz has been taken 28 times
  • The average score is 6 of 14
Answer Stats
Verse Song % Correct
In the midnight hour, I can feel your power Like a Prayer
88%
Touched for the very first time Like a Virgin
88%
Last night I dreamt of San Pedro La Isla Bonita
84%
'Cause the boy with the cold hard cash is always Mister Right Material Girl
64%
Ooh, I'm gonna keep my baby, mmm Papa Don't Preach
60%
We're gonna have a celebration Holiday
48%
¿Quién es esa niña? Who's That Girl
40%
Feels like I'm going to lose my mind Borderline
32%
Cupid, please take your aim at me Cherish
28%
This masquerade is getting older Take a Bow
28%
You abandoned me Love Don't Live Here Anymore
20%
Call me a fool, but I know I'm not Rain
12%
And if there is a Christ, he'll come tonight Spanish Eyes
12%
I was a fool, but now I understand One More Chance
4%
No matching quizzes found
Score Distribution
Percent of People with Each Score
Percentile by Number Answered
Your Score History
You have not taken this quiz